Loading...
| History - Other History | 0 | 11 | 0 | 1 | 110 | 51 | 96.82 | 2 | 4 |
| History - World History | 0 | 11 | 1 | 2 | 105 | 36 | 101.82 | 3 | 5 |
| History - European History | 0 | 11 | 2 | 0 | 100 | 70 | 97.73 | 2 | 6 |
| History - American History | 0 | 8 | 5 | 1 | 55 | 49 | 96.25 | 3 | 3 |
| Religion | 0 | 3 | 0 | 1 | 30 | 37 | 98.67 | 1 | 1 |
| Geography | 0 | 3 | 0 | 2 | 30 | 131 | 137.33 | 0 | 0 |
| Literature - British Literature | 0 | 2 | 0 | 2 | 20 | 149 | 150.50 | 0 | 0 |
| Current Events | 0 | 1 | 0 | 0 | 10 | 148 | 148.00 | 0 | 0 |
| Philosophy | 0 | 1 | 0 | 1 | 10 | 130 | 130.00 | 0 | 0 |
| Science - Other Science | 0 | 1 | 1 | 0 | 5 | 21 | 21.00 | 1 | 1 |
| Literature - American Literature | 0 | 0 | 0 | 0 | 0 | 0.00 | 0 | 0 | |
| Other Academic | 0 | 0 | 1 | 0 | -5 | 0.00 | 0 | 0 |